Poet By First Line Quiz Stats

Quiz Updated Jun 19, 2015

Challenge
Share
Tweet
Embed
Score 0/10 Timer 03:00
0 Plays Today
First Line Poet % Correct
Two roads diverged in a yellow wood...Robert Frost
87.5%
Once upon a midnight dreary, while I pondered, weak and weary...Edgar Allan Poe
77.8%
Do not go gentle into that good night...Dylan Thomas
58.4%
Hope is the thing with feathers...Emily Dickinson
51.8%
In Xanadu did Kubla Khan...Samuel Taylor Coleridge
50.4%
i carry your heart with me (i carry it in...e.e. cummings
47.7%
April is the cruellest month, breeding...T. S. Eliot
46.1%
My Heart aches, and a drowsy numbness pains...John Keats
44%
What happens to a dream deferred?Langston Hughes
40.3%
Listen, my children, and you shall hear...Henry Wadsworth Longfellow
38.3%

You're not logged in!

Compare scores with friends on all Sporcle quizzes.
Join for Free
OR
Log In

You Might Also Like...

Show Comments

Extras

Top Quizzes Today


Score Distribution

Your Account Isn't Verified!

In order to create a playlist on Sporcle, you need to verify the email address you used during registration. Go to your Sporcle Settings to finish the process.

Report this User

Report this user for behavior that violates our Community Guidelines.

Details: